Organic medicinal chemistry : Practical manual for pharmacy and science students (Record no. 311671)

MARC details
000 -LEADER
fixed length control field 00570 a2200205 4500
005 - DATE & TIME
control field 20240625105723.0
008 - FIXED-LENGTH DATA ELEMENTS--GENERAL INFORMATION
fixed length control field 240624b |||||||| |||| 00| 0 eng d
020 ## - ISBN
International Standard Book Number 9789387085145
Price Rs. 375.00
040 ## - CATALOGING SOURCE
Original cataloging agency VIVEKANANDA LIBRARY
082 ## - DDC NUMBER
Classification number 615.19
Book Number S13O
100 ## - MAIN ENTRY--PERSONAL NAME
Personal name Siddiqui, Anees Ahmad
110 ## - MAIN ENTRY--CORPORATE NAME
Corporate name
245 ## - TITLE STATEMENT
Title Organic medicinal chemistry : Practical manual for pharmacy and science students
260 ## - PUBLICATION, DISTRIBUTION, ETC. (IMPRINT)
Name of publisher, distributor, etc CBS Publishers
Date of publication, distribution, etc 2020
Place of publication, distribution, etc New Delhi
300 ## - PHYSICAL DESCRIPTION
Pages x, 254
650 ## - Subject
Subject Pharmacy
650 ## - Subject
Subject Medicinal Chemistry
650 ## - Subject
Subject Organic Chemistry
942 ## - ADDED ENTRY ELEMENTS (KOHA)
Koha item type Books
Holdings
Withdrawn status Lost status Source of classification or shelving scheme Damaged status Not for loan Location (home branch) Sublocation or collection (holding branch) Shelving location Date acquired Koha issues (times borrowed) Koha full call number Accession No. Koha date last seen Koha item type
    Dewey Decimal Classification     VIVEKANANDA LIBRARY VIVEKANANDA LIBRARY Vivekananda Library 13/03/2024   615.19 S13O 440512 13/03/2024 Books
© Designed and Maintained by Vivekananda Library, MDU Rohtak